1058 1159 1711 1648 1121 1873 1733 1123 1372 1915 1885 1880 1569 1280 1482 1759 1426 1639 1681 1774 1511 1592 1285 1955 1587 1489 1501 1886 1286 1216 1090 1309 1894 1653 1233 1377 1074 1989 1685 1015 1812 1744 1875 1382 1796 1929 1573 1402 1185 1041 1482 1163 1388 1915 1094 1344 1436 1218 1718 1471 1199 1399 1638 1239 1857 1242 1699 1895 1556 1159 1740 1556 1592 1486 1376 1822 1357 1348 1021 1819 1868 1216 1466 1653 1920 1672 1315 1835 1003 1216 1278 1955 1258 1632 1890 1157 1511 1322 1484 BCNSPRNW ULIB Ver.6.0+V

เปลี่ยนเป็นภาษาไทย

Change to English
 แสดงรายละเอียดบรรณานุกรม
  กลับหน้าหลัก

Brief Record : Get Marc (ISO 2709) : E-mail record : QR code < ปิดหน้าต่าง
LEADER : 00000nam 2200000uu 4500
001    13399121064
003     ULIB
008    121101s2549||||th 000 0 tha d
020    ^a9789740318255
020    ^a9740318258
050  4 ^aHA62^bส882ก
100  0 ^aสุวิมล ติรกานันท์
245  1 ^aการใช้สถิติในงานวิจัยทางสังคมศาสตร์ :^bแนวทางสู่การปฏิบัติ /^cสุวิมล ติรกานันท์
250    ^aพิมพ์ครั้งที่ 2 (ปรับปรุงใหม่)
260    ^aกรุงเทพฯ :^bโรงพิมพ์แห่งจุฬาลงกรณ์มหาวิทยาลัย,^c2549
300    ^a384 หน้า :^bภาพประกอบ
504    ^aบรรณานุกรม
505  0 ^aหลักการเบื้องต้นของการใช้สถิติในการวิจัยทางสังคมศาสตร์ -- การแจกแจงความถี่ การเปรียบเทียบและการจัดตำแหน่ง -- การวัดแนวโน้มเข้าสู่ส่วนกลางและการวัดการกระจาย -- การวัดความสัมพันธ์ -- การถดถอยและการถดถอยพหุเบื้องต้น -- การใช้สัมประสิทธิ์สหสัมพันธ์ในการตรวจสอบความเที่ยงและความตรง -- ความเข้าใจเกี่ยวกับการใช้สถิติอนุมาน -- การสุ่มตัวอย่าง -- การประมาณค่า -- การทดสอบนัยสำคัญของสัดส่วนความถี่และความแปรปรวน -- การทดสอบนัยสำคัญของค่าเฉลี่ย -- การทดสอบนัยสำคัญของค่าเฉลี่ยตั้งแต่สองกลุ่มขึ้นไป -- การวิเคราะห์ความแปรปรวนสองทาง -- การวิเคราะห์ความแปรปรวนสองทางในการวิจัยเชิงทดลอง -- การควบคุมตัวแปรแทรกซ้อนด้วยการวิเคราะห์ความแปรปรวน
650  7 ^aสถิติ
945    ^p280^l0^i16145
995    ^aทศพร
999    ^aทศพร เกษรทอง
รายการนี้ยังไม่มีแท็ก
คุณยังไม่ได้ล็อกอิน คุณสามารถมีกิจกรรมร่วมกับเว็บไซต์ได้ แต่ต้องล็อกอินก่อน ::
  ล็อกอิน

รายการสื่อสารสนเทศ

ลำดับที่ ประเภท เลขเรียก/บาร์โค้ด สถานที่ สถานะ
1. วิทยาศาสตร์การแพทย์ และสุขภาพ
วิทยาศาสตร์การแพทย์ และสุขภาพ
HA62 ส882ก ฉ.1 
  Barcode: 16145
ห้องสมุดวิทยาเขตสวรรค์ประชารักษ์
►หนังสือทั่วไป
บนชั้น

รายการใกล้เคียง
    ผู้แต่ง [สุวิมล ติรกานันท์]

    หัวเรื่อง [สถิติ]

BibComment


ยังไม่เคยถูกคอมเมนท์

คอมเมนท์ทรัพยากรรายการนี้
  คอมเมนท์: การใช้สถิติในงาน..


 Copyright 2026. Bcnsprnw @Library